000 00979nam a22002177a 4500
999 _c63165
_d63165
003 Ge_BSU
005 20250616110852.0
008 250616s2017 ge ||||| |||| 00| 0 geo d
020 _a9789941449994
041 _ageo
080 _a632.3 ყ-26
100 _aყანჩაველი, ზაქარია
_925424
245 _aმცენარეთა პათოლოგიის საფუძვლები /
_cზ.ს. ყანჩაველი; რედაქტორი გურამ ალექსიძე.
264 _aთბილისი :
_bგრიფონი,
_c2017.
300 _a663 გვ. :
_b ილ. ;
_c24 სმ.
500 _aსაძიებლები: გვ. 644-655.
504 _aბიბლიოგრ.: გვ. 637-643.
653 _aმცენარეთა დაავადებები
700 _aალექსიძე, გიორგი
_eრედაქტორი
_921779
942 _2udc
_cBK